No huir de los tratados (Registro nro. 31355)
[ vista simple ]
| 000 -LEADER | |
|---|---|
| fixed length control field | 00303 a2200109 4500 |
| 001 - CONTROL NUMBER | |
| control field | ART_44639 |
| 005 - DATE AND TIME OF LATEST TRANSACTION | |
| control field | 20260410162002.0 |
| 008 - FIXED-LENGTH DATA ELEMENTS--GENERAL INFORMATION | |
| fixed length control field | 260409a |
| 100 1# - MAIN ENTRY--PERSONAL NAME | |
| Personal name | Saba, Roberto |
| 245 10 - TITLE STATEMENT | |
| Title | No huir de los tratados |
| 773 0# - HOST ITEM ENTRY | |
| Title | Pensar en derecho |
| Related parts | - Año 5, Nº 10 (oct. 2017) |
| Record control number | REV28996 |
No hay ítems disponibles.